1358 1147 1256 1675 1686 1432 1974 1831 1734 1638 1211 1476 1932 1512 1943 1015 1742 1650 1050 1776 1264 1995 1376 1049 1855 1232 1487 1696 1347 1206 1070 1591 1386 1810 1566 1173 1794 1067 1993 1280 1803 1913 1221 1709 1816 1858 1137 1698 1690 1960 1093 1084 1300 1057 1267 1139 1850 1360 1661 1639 1984 1363 1945 1644 1569 1889 1737 1550 1125 1330 1945 1463 1522 1865 1891 1659 1999 1996 1082 1577 1242 1314 1439 1016 1470 1957 1816 1208 1242 1520 1575 1006 1200 1517 1641 1934 1559 1863 1111 BCNSPRNW ULIB Ver.6.0+V

เปลี่ยนเป็นภาษาไทย

Change to English
 แสดงรายละเอียดบรรณานุกรม
  กลับหน้าหลัก

Brief Record : Get Marc (ISO 2709) : E-mail record : QR code < ปิดหน้าต่าง
LEADER : 00000nam 2200000uu 4500
001    13399122786
003     ULIB
008    130923s2553||||th 000 0 tha d
020    ^a9789742250874
060  4 ^aWB310^bส763บ
100 0  ^aสุณิตา หอมกลิ่น
245 00 ^aบันทึกฝึกใจ^cสุณิตา หอมกลิ่น
260    ^aพิษณุโลก:^bโฟกัสมาสเตอร์พริ้นต์,^c2553
300    ^a107 หน้า, ^c20.5 ซม
650  4 ^aการดูแลผู้ป่วยระยะสุดท้าย
650  4 ^aผู้ป่วยหนัก^xการดูแล
945    ^p0^l0^i034012
945    ^p0^l0^i034013
999    ^aเกษร โพธิ์สุวรรณ
รายการนี้ยังไม่มีแท็ก
คุณยังไม่ได้ล็อกอิน คุณสามารถมีกิจกรรมร่วมกับเว็บไซต์ได้ แต่ต้องล็อกอินก่อน ::
  ล็อกอิน

รายการสื่อสารสนเทศ

ลำดับที่ ประเภท เลขเรียก/บาร์โค้ด สถานที่ สถานะ
1. วิทยาศาสตร์การแพทย์ และสุขภาพ
หนังสือสำรอง
สถานะ=หนังสือสำรอง
WB310 ส763บ ฉ.1 
  Barcode: 034012
ห้องสมุดวิทยาเขตสวรรค์ประชารักษ์
►ส่วนจัดเก็บหนังสือเก่า สปร
บนชั้น
  ขอยืม
2. วิทยาศาสตร์การแพทย์ และสุขภาพ
วิทยาศาสตร์การแพทย์ และสุขภาพ
WB310 ส763บ ฉ.2 
  Barcode: 034013
ห้องสมุดวิทยาเขตสวรรค์ประชารักษ์
►ส่วนจัดเก็บหนังสือเก่า สปร
บนชั้น
  ขอยืม

รายการใกล้เคียง
    หัวเรื่อง [การดูแลผู้ป่วยระยะสุดท้าย]

BibComment


ยังไม่เคยถูกคอมเมนท์

คอมเมนท์ทรัพยากรรายการนี้
  คอมเมนท์: บันทึกฝึกใจ สุณิ..


 Copyright 2026. Bcnsprnw @Library